The Illustrated Wavelet Transforms Handbook : (Record no. 593283)
[ view plain ]
| 000 -LEADER | |
|---|---|
| fixed length control field | 00836nam a22001937a 4500 |
| 003 - CONTROL NUMBER IDENTIFIER | |
| control field | NUST |
| 005 - DATE AND TIME OF LATEST TRANSACTION | |
| control field | 20240219124410.0 |
| 008 - FIXED-LENGTH DATA ELEMENTS--GENERAL INFORMATION | |
| fixed length control field | 230215b ||||| |||| 00| 0 eng d |
| 020 ## - INTERNATIONAL STANDARD BOOK NUMBER | |
| International Standard Book Number | 0750306920 |
| 040 ## - CATALOGING SOURCE | |
| Original cataloging agency | 0 |
| 082 ## - DEWEY DECIMAL CLASSIFICATION NUMBER | |
| Classification number | 515.2433,ADD |
| 100 ## - MAIN ENTRY--PERSONAL NAME | |
| Personal name | Addison, Paul S. |
| 9 (RLIN) | 120713 |
| 245 ## - TITLE STATEMENT | |
| Title | The Illustrated Wavelet Transforms Handbook : |
| Remainder of title | Introdctory Theory and Applications in Science, Engineering, Medicine and Finance / |
| Statement of responsibility, etc. | Paul S. Addison |
| 260 ## - PUBLICATION, DISTRIBUTION, ETC. | |
| Place of publication, distribution, etc. | USA |
| Name of publisher, distributor, etc. | IOP |
| Date of publication, distribution, etc. | 2002 |
| 300 ## - PHYSICAL DESCRIPTION | |
| Extent | xiiii, 353 p |
| 505 ## - FORMATTED CONTENTS NOTE | |
| Formatted contents note | Getting started (Page-1), The continuous transform (Page-6), The discrete transform (Page-65), Fluids (Page-144), Engineering testing, monitoring and characterization (Page-189), Medicine (Page-230), Fractals, finace, geophysics and other areas (Page-278). |
| 650 ## - SUBJECT ADDED ENTRY--TOPICAL TERM | |
| Topical term or geographic name entry element | Wavelet Transforms |
| 9 (RLIN) | 109067 |
| 942 ## - ADDED ENTRY ELEMENTS (KOHA) | |
| Source of classification or shelving scheme | |
| Koha item type | Book |
| Withdrawn status | Lost status | Source of classification or shelving scheme | Damaged status | Not for loan | Permanent Location | Current Location | Shelving location | Date acquired | Total Checkouts | Full call number | Barcode | Date last seen | Date last checked out | Price effective from | Koha item type | Public note |
|---|---|---|---|---|---|---|---|---|---|---|---|---|---|---|---|---|
| Military College of Signals (MCS) | Military College of Signals (MCS) | General Stacks | 02/15/2023 | 1 | 515.2433,ADD | MCS33218 | 02/15/2024 | 02/15/2023 | 02/15/2023 | Book | Almirah No.13, Shelf No.3 |
